000 00924nam0a22002411 4500
001 rc\2715921
005 20250529124522.0
035 _a(NLR Aleph) 006843755
090 _a6673282
_c6673282
100 _a20110915d1938 |||y0rusy50 ca
101 0 _arus
102 _aRU
105 _aa z |||||
200 1 _aО прочности деталей машин при действии переменных нагрузок
_fАкад. наук СССР, Отд-ние техн. наук
210 _aМосква
_aЛенинград
_cИзд-во Акад. наук СССР
_d1938
_eМосква
_gОбразцовая тип.
215 _a39 с.
_cчерт.
_d26 см.
320 _a"Литература" (стр. 37-38)
700 1 _aСеренсен
_bС.В.
_f1905-
_gСергей Владимирович
801 0 _aRU
_bNLR
_gpsbo
801 1 _aRU
_bELAR
_2rusmarc
852 _aNLR
_j38-12/319
942 _cBOOK
980 _aNB